[Event "subzonal 8A"]
[Site "Pinar del Rio CUB"]
[Date "1990.01.??"]
[Round "9"]
[White "Sariego Figueredo, Wilfredo"]
[Black "Borges Matos, Juan"]
[Result "1/2-1/2"]
[WhiteElo "2405"]
[BlackElo "2500"]
[EventDate "1990.01.15"]
[PlyCount "47"]

1.e4 e6 2.d4 d5 3.Nc3 Nf6 4.Bg5 dxe4 5.Nxe4 Be7 6.Bxf6 gxf6 7.Nf3 b6 8.Bc4
Bb7 9.Qe2 c6 10.O-O-O Qc7 11.Rhe1 Nd7 12.Kb1 O-O-O 13.Ba6 Rhg8 14.Bxb7+ 
Kxb7 15.g3 f5 16.Ned2 h5 17.Nc4 h4 18.Rd3 hxg3 19.hxg3 f4 20.gxf4 Qxf4 21.
Nfe5 Nxe5 22.Nxe5 Rg7 23.Red1 Bf6 24.Rf3 1/2-1/2